=LDR 00000nam 2200000 4500 =001 INLIS000000000029486 =005 20201105083313 =035 ##$$a 0010-061300000029486 =008 201105################e##########0#ind## =041 ##$$a ind =082 ##$$a 320.5 =090 ##$$a 320, KAR b =100 1#$$a Kartohadiprodjo, Soediman =245 1#$$a Beberapa pikiran sekitar Pancasila, /$c Soediman Kartohadiprodjo =260 ##$$a 1976 :$b Bandung =300 ##$$a 268 hlm., ; $c 14 x 21 cm =650 #4$$a Pancasila =850 ##$$a NBPNMAT =084 ##$$a 320.5 KAR b =250 ##$$a cet. 2 =990 ##$$a 12.244/Pb.97 =990 ##$$a 00090433